DSMP Character and Areas - Statistics

General Stats
  • This quiz has been taken 797 times
  • The average score is 32 of 46
Answer Stats
Type Question Answer % Correct
People Main Antagonist / Green Blob Dream
100%
People Main Protagonist / Disc Lover Tommy
97%
People King of DSMP for 1 Day / Lore Hater George
96%
People Pet Killer / Arson Lover Sapnap
96%
People President of New L'manberg / Comic Relief Tubbo
95%
People Leader of L'manberg Revolution / Dead Wilbur
95%
People Wilbur's Son / Furry Fundy
93%
People Naked Man / President of El Rapids Quackity
93%
People Best Friend of BBH / Corrupted by the Egg Skeppy
93%
People Anarchist Pig / Protected Tommy during Exile Technoblade
93%
People Egg Lover / Owner of MunchyMC (Minecraft Server) BadBoyHalo
92%
People Father of Will and Tommy / Hardcore Player Philza
92%
People Has a Bad Memory / Half Enderman Ranboo
91%
People King of DSMP / Betrayed L'manberg Eret
90%
People Time Traveller / Create of Konoko Kingdom Karl
90%
People Banned from DSMP / Won L'manberg Election Schlatt
86%
People Server Operator / Mute Callahan
85%
People Very Sweet / Against Schlatt Administration Niki
85%
People Previously Thunder1408 / Ignores 3 Death System Jack
83%
People Loves Roses / Bedwars Streamer Hannah
82%
People Built Egypt as his Vacation Home / Totem Shark Foolish
79%
People Only *not* Manipulated Child / Bedwars Player Purpled
78%
Areas First Independent Nation / Founded by WilburSoot L'manberg
77%
People Parent Figure / Pro Omlette Captain Puffy
76%
People E-dating Callahan / First Female on SMP Alyssa
72%
People Prankster / Lover of Lemons Ponk
72%
People Redstoner Genius / Amazing Builder Awesamdude
71%
People Sonic / Took over Tommy's House during Exile Connor
71%
People Mercenary / Acting Leader of GDSMP Punz
67%
People Part Slime / Friend of Schlatt and Connor Charlie
65%
People Tommy's Idol / Created Boomerville Vikkstar
63%
Areas Schlatt's Rebrand of L'manberg / Overthrown Manberg
61%
People Australian / Bad Blood with Tommy Lazar
58%
People Cat Maid / Hbomb
57%
Areas Tubbo's Snow Home / Nuclear Bomb Test Site Snowchester
55%
Areas Ravine Base / Abandoned on November 16th Pogtopia
50%
Areas Mushroom Area / Created by Karl and Sapnap Kinoko Kingdom
49%
Bonus What Is the Most Important Day of The Month on the DSMP 16
41%
Areas Aka Mexican L'manberg / Founded by Quackity & Karl El Rapids
39%
Areas Area to the North and South of GDSMP / Led by BBH Badlands
34%
Areas Home of Vikk and Lazar / Where the Old People Live BoomerVille
32%
Areas No Killing / Church Prime Holy Land
31%
Areas Home of Jack Manifold / 1 Man Country Manifold Land
26%
Areas Reconstruction After November 16th / President Tubbo New L'manber
18%
Areas First Faction on the Smp / Eret's Kingdom GDSMP
16%
People Member of Eggpire / Owner of the Animal Sanctuary Antfront
5%
No matching quizzes found
Score Distribution
Percent of People with Each Score
Percentile by Number Answered
Your Score History
You have not taken this quiz